| 000 | 01717nam a2200289 a 4500 | ||
|---|---|---|---|
| 001 | 000038505 | ||
| 003 | DO-SdBNP | ||
| 005 | 20240301073825.0 | ||
| 007 | ta | ||
| 008 | 110211s2012 dr 001 0 spa d | ||
| 040 |
_aDO-SdBNP _bspa _cBNPHU |
||
| 082 | 4 |
_a323.3231 _bI61p, 2012 _222 |
|
| 110 | 1 |
_aColoquio "Los intelectuales y el poder II" _d(2011, jun. : _cSanto Domingo) _964857 |
|
| 245 | 1 | 4 |
_aLos intelectuales y el poder II / _ceditor Diógenes Céspedes. |
| 260 |
_aSanto Domingo : _bUNAPEC, _c2012. |
||
| 300 |
_a143 p. ; _c20 cm. |
||
| 500 | _aIncluye referencias bibliográficas y notas al pie de páginas. | ||
| 505 | 0 |
_aPalabras del rector / _rCarlos Sangiovanni -- _tIntroducción -- _rDiógenes Céspedes -- _gPonencias: _tEl discurso de la palabra encadena (A propósito de un discurso de Juan Bosch a favor de Trujillo) / _rManuel Matos Moquete -- _tLa intelectualidad al servicio de la tiranía / _r Miguel Guerrero -- _tEl intelectual y el poder en la era del cibermundo / _r Andrés Merejo -- _tLa seducción del escritor marginal y otros rituales del poder / _rPastor de Moya -- _tEl intelectual y el poder: reflexiones desde el poder / _r Marcos Villamán -- _tSemblazas. |
|
| 590 | _aInventariado, 2018/BT | ||
| 650 | 4 |
_aIntelectuales _xActividad política _zRepública Dominicana _xCongresos, conferencias, etc. _920468 |
|
| 650 | 4 |
_aPoder político _xCongresos, conferencias, etc. _920469 |
|
| 651 | 4 |
_aRepública Dominicana _xVida intelectual _xCongresos, conferencias, etc. _920470 |
|
| 651 | 4 |
_aRepública Dominicana _xPolítica y gobierno _xCongresos, conferencias, etc. _913070 |
|
| 700 | 1 |
_aCéspedes, Diógenes, _d1941- _eed. _920548 |
|
| 910 | _aValidado. Control de calidad. EMS | ||
| 942 |
_2ddc _cLBS1 |
||
| 999 |
_c37995 _d37995 |
||